Blind test - Sudden Death - Statistics

General Stats
  • This quiz has been taken 212 times
  • The average score is 3 of 10
Answers on the Grid
Answers color-coded by a green-red scale on the quiz's grid according to % correct below.
Ray Charles
Moondog
Lachi
Andrea Bocelli
Stevie Wonder
Louis Braille
José Feliciano
Jeff Healey
Blind Lemon Jefferson
Blind Willie Johnson
Elton John
Blind Mole Rat
Claude Monet
Ozzy Osbourne
Buddy Holly
Ludwig van Beethoven
The Weeknd
Jonathan Davis (Korn)
 
Answer Stats
Answer % Correct
Ray Charles v2.0 Stevie Wonder
72%
He can't see a single Ray of light Ray Charles
66%
It's right there, in the name. Come on! Blind Willie Johnson
34%
Il glaucomo lo face avoglio (I don't speak italian) Andrea Bocelli
31%
Yep he was ALSO a musician Louis Braille
31%
It's right there, in the name. Come on! Blind Lemon Jefferson
28%
Not sure who that guy is, but I need more blind people José Feliciano
23%
Even a blind person can be visionary! Moondog
12%
Gotta admit I don't know that one either Jeff Healey
11%
Named 2024 Woman of the Year by USA Today Lachi
11%
No matching quizzes found
Score Distribution
Percent of People with Each Score
Percentile by Number Answered
Your Score History
You have not taken this quiz